Koala country : (Record no. 4444)

MARC details
000 -LEADER
fixed length control field 01128cam a2200337 a 4500
001 - CONTROL NUMBER
control field 4444
003 - CONTROL NUMBER IDENTIFIER
control field FISKH
005 - DATE AND TIME OF LATEST TRANSACTION
control field 20250612154625.0
008 - FIXED-LENGTH DATA ELEMENTS--GENERAL INFORMATION
fixed length control field 000203s2000 ctua b 000 1 eng
010 ## - LIBRARY OF CONGRESS CONTROL NUMBER
LC control number 00023166
020 ## - INTERNATIONAL STANDARD BOOK NUMBER
International Standard Book Number 1568998872 (hardcover)
020 ## - INTERNATIONAL STANDARD BOOK NUMBER
International Standard Book Number 1568998880 (pbk.)
020 ## - INTERNATIONAL STANDARD BOOK NUMBER
International Standard Book Number 9781568998886
040 ## - CATALOGING SOURCE
Original cataloging agency DLC
Transcribing agency DLC
Modifying agency DLC
Language of cataloging eng
042 ## - AUTHENTICATION CODE
Authentication code lcac
050 ## - LIBRARY OF CONGRESS CALL NUMBER
Classification number PZ10.D386
082 ## - DEWEY DECIMAL CLASSIFICATION NUMBER
Classification number 599.25
100 1# - MAIN ENTRY--PERSONAL NAME
Personal name Dennard, Deborah.
245 10 - TITLE STATEMENT
Title Koala country :
Remainder of title a story of an Australian eucalyptus forest /
Statement of responsibility, etc. by Deborah Dennard ; illustrated by James McKinnon.
260 ## - PUBLICATION, DISTRIBUTION, ETC.
Place of publication, distribution, etc. Norwalk, Conn. :
Name of publisher, distributor, etc. Soundprints,
Date of publication, distribution, etc. 2000.
300 ## - PHYSICAL DESCRIPTION
Extent 27 pages :
Other physical details color illustrations ;
Dimensions 26 cm
520 ## - SUMMARY, ETC.
Summary, etc. A mother koala and her joey feed and observe the other animal inhabitants of their fragile eucalyptus forest home.
650 #0 - SUBJECT ADDED ENTRY--TOPICAL TERM
Topical term or geographic name entry element Koala
Form subdivision Juvenile fiction.
650 #1 - SUBJECT ADDED ENTRY--TOPICAL TERM
Topical term or geographic name entry element Koalas
Form subdivision Fiction.
650 #1 - SUBJECT ADDED ENTRY--TOPICAL TERM
Topical term or geographic name entry element Marsupials
Form subdivision Fiction.
650 #1 - SUBJECT ADDED ENTRY--TOPICAL TERM
Topical term or geographic name entry element Zoology
Geographic subdivision Australia
Form subdivision Fiction.
700 1# - ADDED ENTRY--PERSONAL NAME
Personal name McKinnon, James,
Relator term illustrator
906 ## - LOCAL DATA ELEMENT F, LDF (RLIN)
a 7
b cbc
c orignew
d 1
e ocip
f 20
g y-gencatlg
942 ## - ADDED ENTRY ELEMENTS (KOHA)
Source of classification or shelving scheme Dewey Decimal Classification
Koha item type Books
Suppress in OPAC No
Holdings
Withdrawn status Lost status Source of classification or shelving scheme Damaged status Not for loan Collection Home library Current library Shelving location Date acquired Total Checkouts Full call number Barcode Date last seen Copy number Price effective from Koha item type Date last checked out
    Dewey Decimal Classification     Non-Fiction Footprints International School Library Network Toul Kork Campus Footprints International School Library Network Toul Kork Campus A TK Campus, 4th Floor, Room B401, Non-Fiction Bookcases(7-8) 09/10/2024   DEN 599.25 PZ10.D386 FISTK01689 09/10/2024 1 09/10/2024 Books  
    Dewey Decimal Classification     Non-Fiction Footprints International School Library Network Toul Tom Poung Campus Footprints International School Library Network Toul Tom Poung Campus TTP Primary Yellow Bookshelves 06/12/2025 2 DEN 599.25 PZ10.D386 FIS03652 11/14/2025 2 06/12/2025 Books 10/24/2025